| 000 | 00388nam a22001457a 4500 | ||
|---|---|---|---|
| 003 | OSt | ||
| 008 | 150407b xxu||||| |||| 00| 0 eng d | ||
| 100 | 1 | _aBrian M. Green | |
| 041 | _aeng | ||
| 050 | 0 | 0 | _a81-80283 |
| 245 | 1 | 0 | _aThe typographs of the Confederate States of America |
| 246 | 1 | 0 | _apostage stamps and postal history |
| 260 |
_aNew York _bPhilatelic Foundation |
||
| 300 | _a0 pages | ||
| 999 |
_c1189 _d1189 |
||